Oceans around Australia / (Record no. 7220)

MARC details
000 -LEADER
fixed length control field 01519nam a22002897a 4500
001 - CONTROL NUMBER
control field 7220
003 - CONTROL NUMBER IDENTIFIER
control field FISKH
005 - DATE AND TIME OF LATEST TRANSACTION
control field 20250703090625.0
008 - FIXED-LENGTH DATA ELEMENTS--GENERAL INFORMATION
fixed length control field 250703b cb ||||| |||| 00| 0 eng d
020 ## - INTERNATIONAL STANDARD BOOK NUMBER
International Standard Book Number 9781922134639
040 ## - CATALOGING SOURCE
Original cataloging agency FISKH
Language of cataloging eng
Transcribing agency FISKH
Modifying agency FISKH
050 ## - LIBRARY OF CONGRESS CALL NUMBER
Classification number HQ2018
082 ## - DEWEY DECIMAL CLASSIFICATION NUMBER
Classification number 551.460994
100 ## - MAIN ENTRY--PERSONAL NAME
Personal name Boulding, Chelsea
245 ## - TITLE STATEMENT
Title Oceans around Australia /
Statement of responsibility, etc. Chelsea Boulding ; Illustrated by Julie Sydenham
260 ## - PUBLICATION, DISTRIBUTION, ETC.
Place of publication, distribution, etc. Sydney :
Name of publisher, distributor, etc. Harbour Publishing House,
Date of publication, distribution, etc. 2015.
300 ## - PHYSICAL DESCRIPTION
Extent 32 unnumbered pages :
Other physical details color illustrations ;
Dimensions 26 cm
505 ## - FORMATTED CONTENTS NOTE
Formatted contents note P<br/>
520 ## - SUMMARY, ETC.
Summary, etc. Children will love following the words and pictures that tell this twisty tale, and the repetition will encourage them join in the telling. This charming variation on the much-loved classic story about the house that Jack built is sure to delight young and old. It begins with the plankton that floats in the oceans around Australia. Along comes a fish that eats the plankton, but it in turn is chased by a dolphin, and so the story continues. Children will love following the words and pictures that tell this twisty tale, and the repetition will encourage them join in the telling. Along the way, they'll see how everything and everyone is connected in this world.
521 8# - TARGET AUDIENCE NOTE
Target audience note 600<br/>
Source Lexile estimate<br/>
521 8# - TARGET AUDIENCE NOTE
Target audience note P<br/>
Source Raz-Plus<br/>
650 ## - SUBJECT ADDED ENTRY--TOPICAL TERM
Topical term or geographic name entry element Australia
Form subdivision Oceans
General subdivision Marine life
650 ## - SUBJECT ADDED ENTRY--TOPICAL TERM
Topical term or geographic name entry element Ecosystem
General subdivision Food chain
700 ## - ADDED ENTRY--PERSONAL NAME
Personal name Sydenham, Julie
Relator term illustrator
942 ## - ADDED ENTRY ELEMENTS (KOHA)
Source of classification or shelving scheme Dewey Decimal Classification
Koha item type Books
Suppress in OPAC No
Holdings
Withdrawn status Lost status Source of classification or shelving scheme Damaged status Not for loan Collection Home library Current library Shelving location Date acquired Total Checkouts Full call number Barcode Date last seen Copy number Price effective from Koha item type
    Dewey Decimal Classification     Non-Fiction Footprints International School Library Network Toul Kork Campus Footprints International School Library Network Toul Kork Campus TK Primary Library Room(4th Floor), Bookcase 3&4, Shelves 17-32, Yellow Books 07/03/2025   BOU 551.460994 HQ2018 2025-1737 07/03/2025 1 07/03/2025 Books